भारतीय ऐतिहासिक स्थल कोश / (Record no. 118195)

MARC details
000 -LEADER
fixed length control field 01174nam a22002537a 4500
005 - DATE AND TIME OF LATEST TRANSACTION
control field 20170124103108.0
010 ## - LIBRARY OF CONGRESS CONTROL NUMBER
LC control number B-145256
020 ## - INTERNATIONAL STANDARD BOOK NUMBER
Terms of availability 200.00
International Standard Book Number 81874493202
035 ## - SYSTEM CONTROL NUMBER
System control number B-145256
037 ## - SOURCE OF ACQUISITION
Source of stock number/acquisition Cen Lib/Ret
040 ## - CATALOGING SOURCE
Original cataloging agency DPL
Language of cataloging HN
082 ## - DEWEY DECIMAL CLASSIFICATION NUMBER
Classification number 915.4
Item number जैनहु
100 ## - MAIN ENTRY--PERSONAL NAME
Personal name जैन, हुकम चन्द
9 (RLIN) 2170
245 ## - TITLE STATEMENT
Title भारतीय ऐतिहासिक स्थल कोश /
Statement of responsibility, etc हुकम चन्द जैन
246 ## - VARYING FORM OF TITLE
Title proper/short title Bhartiya aitihasik sthal kosh /
Remainder of title by Hukum Chand Jain
260 ## - PUBLICATION, DISTRIBUTION, ETC. (IMPRINT)
Place of publication, distribution, etc जयपुर
Name of publisher, distributor, etc जैन प्रकाशन मन्दिर
Date of publication, distribution, etc 2004
270 ## - ADDRESS
City जयपुर
Address 1024, चपलावत जैन मेन्शन, चौड़ा रास्ता
Postal code 302003
300 ## - PHYSICAL DESCRIPTION
Extent 340पृ.
Dimensions 21सेमी (सजिल्द)
Accompanying material मानचित्र
650 ## - SUBJECT ADDED ENTRY--TOPICAL TERM
Topical term or geographic name as entry element ऐतिहासिक स्थल--भारत
9 (RLIN) 78791
650 ## - SUBJECT ADDED ENTRY--TOPICAL TERM
Topical term or geographic name as entry element भारतीय ऐतिहासिक स्थल कोश
9 (RLIN) 78792
650 ## - SUBJECT ADDED ENTRY--TOPICAL TERM
Topical term or geographic name as entry element Historic places --India
9 (RLIN) 78793
650 ## - SUBJECT ADDED ENTRY--TOPICAL TERM
Topical term or geographic name as entry element Indian historical places Thesaurus
9 (RLIN) 78794
942 ## - ADDED ENTRY ELEMENTS (KOHA)
Source of classification or shelving scheme Dewey Decimal Classification
Koha item type Hindi Books
Classification part 915.4
Call number suffix जैनहु
Holdings
Withdrawn status Lost status Damaged status Not for loan Home library Current library Date acquired Source of acquisition Cost, normal purchase price Total Checkouts Full call number Barcode Date last seen Copy number Cost, replacement price Price effective from Koha item type Collection code
        Central Library Central Library 10/09/2015 Cen Lib/Ret 200.00   915.4 जैनहु B-145256 10/09/2015 1 200.00 10/09/2015 Hindi Books  
      Not For Loan Central Library Central Library 05/10/2015 Cen Lib/Ret 200.00   915.4 जैनहु B-145257 05/10/2015 1 200.00 05/10/2015 Hindi Books Reference

© Delhi Public Library
Hit Counter
free hit counter